| 000 | 00401nam a22001457a 4500 | ||
|---|---|---|---|
| 999 |
_c534808 _d534808 |
||
| 020 | _a9788131521267 | ||
| 082 | _a005.133 DRO | ||
| 100 | _aDrozdek, Adam | ||
| 245 |
_aData Structures and Algorithms in C++ / _cAdam Drozdek |
||
| 250 | _a4th ed. | ||
| 260 |
_aNew Delhi : _bCengage Learning, _c2019. |
||
| 300 | _a784 p. | ||
| 942 |
_2ddc _cBK |
||